000 02695nam a2200397 i 4500
001 mlg57369909
003 KyBuM
005 20251006110221.0
007 tb
008 230718t20232020miu ed 000 1 eng d
020 _a9798885789691
_qsoftcover alk. paper
040 _aKyBuM
_beng
_erda
_cKyBuM
043 _an-us-ny
050 0 0 _aPS3603.L3943
_bL69 2020
082 1 4 _aFIC
_215
092 _aLarge Print Fiction
_bClayborn, Kate
100 1 _aClayborn, Kate,
_eauthor.
245 1 0 _aLove lettering /
_cKate Clayborn.
250 _aLarge print edition.
264 1 _a[Farmington Hills, Mich.] :
_bThorndike Press, a part of Gale, a Cengage Company,
_c2023.
264 4 _c©2020.
300 _a513 pages (large print) ;
_c23 cm.
336 _atext
337 _aunmediated
338 _avolume
490 1 _aThorndike Press large print softcover romance and women's fiction.
500 _a"A witty and heartfelt love story."
520 _a"One of the most beloved romantic comedies of 2020, Love Lettering is a heart-melting and touching story that fans of Tessa Bailey, Jen DeLuca, and Emily Henry cannot miss. In this warm and witty romance from acclaimed author Kate Clayborn, one little word puts a woman's business--and her heart--in jeopardy... Meg Mackworth's hand-lettering skill has made her famous as the Planner of Park Slope, designing custom journals for her New York City clientele. She has another skill too: reading signs that other people miss. Knowing the upcoming marriage of Reid Sutherland and his polished fiancée was doomed to fail is one thing, but weaving a secret word of warning into their wedding program is another. Meg may have thought no one would spot it, but she hadn't counted on sharp-eyed, pattern-obsessed Reid. A year later, Reid has tracked Meg down to find out how she knew that his meticulously planned future was about to implode. But with a looming deadline and a bad case of creative block, Meg doesn't have time for Reid's questions--unless he can help her find her missing inspiration. As they gradually open up to each other, both try to ignore a deepening connection between them. But the signs are there--irresistible, indisputable, urging Meg to heed the messages Reid is sending her, before it's too late..."--Provided by the publisher.
650 0 _aWomen calligraphers
_vFiction.
_96553189
651 0 _aNew York (N.Y.)
_vFiction.
_95673704
655 7 _aRomance fiction.
_2lcgft
655 7 _aLarge print books.
_2lcgft
_95777956
830 0 _aThorndike Press Large Print softcover romance and women's fiction.
_96463062
907 _a.b478459014
942 _2ddc
_cBOOK
999 _c412283
_d412283